000 01113nam a22002774a 4500
005 20080801132735.0
008 080219s2007 ii b 001 0 eng
010 _aENG-91803
020 _c320.00
035 _aEN-75336
037 _bDBAD / PUB
040 _adpl
_bEnglish
082 _a305.40954
100 _aDatta, Kusum.
245 _aWomen's studies, and women's movement in India since the 1970s :
_ban overview /
_cby Kusum Datta.
246 _aWomen's studies, and women's movement in India since the nineteen seventies
260 _aKolkata :
_bThe Asiatic Society,
_c2007
300 _axxiii, 342 p. ;
_c23 cm (Hb)
490 _aMonograph series ; no. 47
500 _aIncludes bibliographical references and index.
650 _aWomen's studies
_zIndia
_xHistory.
650 _aFeminism
_zIndia
_xHistory.
710 _aAsiatic Society (Calcutta, India)
942 _2ddc
_cEN
_mDAT
_h305.40954
999 _c19081
_d19081